Los detectives salvajes /

Guardado en:
Autor Principal: Bolaño, Roberto
Formato: Libro
Publicado: Barcelona : Alfaguara, 2016
Materias:
Etiquetas: Agregar Etiqueta
Sin Etiquetas, Sea el primero en etiquetar este registro!
LEADER 00736nam a22002295a 4500
001 CEM.cems015092
005 20190918124832.0
008 130507s2016##################000#0#####d
003 CEMS
020 |a 9788420423937 
082 0 4 |a Ch863.4 
100 1 |a Bolaño, Roberto 
245 1 0 |a Los detectives salvajes /  |c Roberto Bolaño 
260 |a Barcelona :  |b Alfaguara,  |c 2016 
300 |a 785 p. 
505 0 |a Contiene : Mexicanos perdidos en méxico (1975) -- Los detectives salvajes (1976-1996) -- Los desiertos de Sonora (1976) -- 
653 |a Narrativa chilena 
653 |a Novela 
653 |a Novela chilena 
653 |a Literatura 
653 |a Literatura chilena 
859 |a CEMS  |b BIB. CEMS - 11 de abril  |h Ch863.4  |i B637-2  |p 28075.19  |t Ej.1